Références génie en herbes - Statistiques

Statistiques générales
  • Ce quiz a été pris 8 fois
  • Le résultat moyen est 11 sur 17
Statistiques - réponses
Hint Réponse % Correct
Bouchée 5 fois en 3 jours... Toilette
100%
Ça ressemble à arnaque à l'envers. Apple
67%
Se font oublier par leur famille après les soupers de génies en herbe. Arthur
67%
Il est connu pour ses scandales durant ses très réputés prix. Arthur Bolduc
67%
C'est là-bas qu'on a vu les meilleurs chanteurs aux rondelles d'oignons. A&W
67%
IL Y EN A UN TOUT NOUVEAU !!! Canadian Tire
67%
Arthur refusait d'y jouer... Frisbee
67%
IL A ÉTÉ CRIÉ HAUT ET FORT !!! Guy A. Lepage
67%
Se font oublier par leur famille après les soupers de génies en herbe. Margot
67%
Tout le bus y a goûté... Masala Magique
67%
On aurait voulu ne pas savoir ça de la part de cette personne. Patrick
67%
Célébrité qu'on a eu la chance d'apercevoir à la porte de la mauricie. Roxanne Bruneau
67%
Ça ressemble à expose à l'envers. Samsung
67%
Il capote tellement sur le ménage qu'il en fait une télé-réalité Stéphane Bellavance
67%
Toujours en train de gueuler, mais il comprend rien... Stéphane Gendron
67%
Arthur adore se promener avec... Moto
33%
Il est EXCELLANT... Prix
33%
Aucun quiz correspondant
Distribution des résultats
% des personnes avec chaque résultat
Percentile par nombre de réponses
Votre historique - résultats
Vous n’avez pas pris ce quiz